00576nam a2200205 a 4500001001000000003000500010005001700015008004100032010001100073011001100084020001800095040000900113082001500122245010300137260004000240300001700280650002400297650002900321700002000350000108119CHAP20220329143958.0131205s2013 flu| |r| |||1|||eng|d a104581 a105553 a9781439875186 cCHAP04a628.4bP5700aPhytotechnologies :bRemediation of environmental contaminants /cpor Naser A. Anjum ...[et. al.].3 aBoca Raton Fl. :bCRC Press,c2013. axxiv, 585 p.14aFitorremediación.14aSuelosxContaminación.1 aAnjum, Naser A.